Comisión Federal de Electricidad : Veracruz /
Informe de las actividades de la Comisión Federal de Electricidad en el estado de Veracruz durante el sexenio de Gustavo Díaz Ordaz. En dicho estado la energía que en 1964 servía a 350 poblaciones llegó a 665 en 1969. El total de habitantes beneficiados por el sumistro eléctrico aumentó de 1,496,158...
Guardado en:
| Formato: | Libro |
|---|---|
| Idioma: | Español |
| Publicado: |
México :
Comisión Federal de Electricidad,
1970, c1970
|
| Temas: | |
| Etiquetas: |
Sin etiquetas, Sé el primero en etiquetar este registro!
|
MARC
| LEADER | 00000nam^a2200000^a^4500 | ||
|---|---|---|---|
| 001 | 000123442 | ||
| 005 | 20250521000000.0 | ||
| 009 | 20260310094538.001 | ||
| 037 | |a Acervo ITESO - Biblioteca | ||
| 041 | |a ESP | ||
| 082 | |a 333. 79320972 |b CFE V. 30 | ||
| 240 | 1 | 1 | |a [Comisión Federal de Electricidad] |
| 245 | 0 | 0 | |a Comisión Federal de Electricidad : |b Veracruz / |
| 264 | 4 | |a México : |b Comisión Federal de Electricidad, |c 1970, c1970 | |
| 300 | |a 1 v. (sin paginación) | ||
| 336 | |a texto |b txt |2 rdacontenido | ||
| 337 | |a sin mediación |b n |2 rdamedio | ||
| 338 | |a volumen |b nc |2 rdasoporte | ||
| 520 | |a Informe de las actividades de la Comisión Federal de Electricidad en el estado de Veracruz durante el sexenio de Gustavo Díaz Ordaz. En dicho estado la energía que en 1964 servía a 350 poblaciones llegó a 665 en 1969. El total de habitantes beneficiados por el sumistro eléctrico aumentó de 1,496,158 a 2,083,582 durante el mismo período. | ||
| 649 | |a XX | ||
| 650 | |a Alumbrado Público - |z Veracruz | ||
| 650 | |a Alumbrado Público - |z México | ||
| 650 | |a Energía Eléctrica - |x Distribución - |z Veracruz | ||
| 650 | |a Energía Eléctrica - |x Distribución - |z México | ||
| 650 | |a Infraestructura Urbana - |z Veracruz | ||
| 650 | |a Infraestructura Urbana - |z México | ||
| 650 | |a Servicios Públicos - |z Veracruz | ||
| 650 | |a Servicios Públicos - |z México | ||
| 650 | |a Desarrollo Urbano - |z Veracruz | ||
| 650 | |a Desarrollo Urbano - |z México | ||
| 650 | |a Desarrollo Rural - |z Veracruz | ||
| 650 | |a Desarrollo Rural - |z México | ||
| 650 | |a Industria Eléctrica - |z Veracruz | ||
| 650 | |a Industria Eléctrica - |z México | ||
| 650 | |a Economía de la Tierra - |z Veracruz | ||
| 650 | |a Economía de la Tierra - |z México | ||
| 650 | |a Economía - |z Veracruz - |x Historia - |y 1964-1970 | ||
| 650 | |a Economía - |z México - |x Historia - |y 1964-1970 | ||
| 910 | |a Fondo Salvador Reynoso Reynoso | ||
| 920 | |a Impresos - Libros | ||
| 930 | |a Fondos Especiales | ||
| 905 | |a 112 | ||
| 901 | |a 0800007081 |b IT2 |c ESP |u 20250521 | ||
| 902 | |a https://opac.biblio.iteso.mx/vufind/Record/000123442 | ||